000
00290nam a22001217a 4500
082
_a
621.38 ACH
100
_a
SCHWARTS,MISCHA
_9
65517
245
_a
INFORMATION TRANSMISSION,MODULATION,AND NOISE
250
_a
2ND
260
_a
NEW DELHI
_b
MCGRAW HILL
_c
1970
300
_a
672P
942
_c
BK
999
_c
573700
_d
573700